| 000 | 00636nam a22002297a 4500 | ||
|---|---|---|---|
| 005 | 20251108172805.0 | ||
| 008 | 250721s2003 xx 000 0 ara d | ||
| 020 | _a995343459x | ||
| 082 | 1 | 4 | _aط/372.3/كبي |
| 100 | 1 | _aهاجر، عبدالسلام | |
| 245 | 1 | 0 | _aكبير وصغير / |
| 264 | 1 |
_aبيروت : _bمؤسسة المعارف، _c2003. |
|
| 300 | _a29ص | ||
| 490 | 0 | _aسلسلة اقرا عن | |
| 650 | 1 | 7 | _aالتعلم |
| 650 | 1 | 7 | _aالاطفال |
| 650 | 1 | 7 | _aوسائل التدريس |
| 650 | 1 | 7 | _aالشكل |
| 653 | _aمرحلة متوسطة (6-9سنة) | ||
| 942 |
_2ddc _cBK |
||
| 999 |
_c88554 _d88554 |
||